Egyptian God or Pokémon? Quiz Stats

 Plays Quiz Updated Mar 8, 2016

Also try: Drug or Pokémon?
Challenge
Share
Tweet
Embed
Score 0/30 Timer 02:00
3 Plays Today
Pokémon or Egyptian God (P) or (E) % Correct
Isis???
93.5%
Beedrill???
93.3%
Ra???
92.8%
Rattata???
91.8%
Ptah???
91.7%
Golbat???
91.5%
Maat???
90.4%
Bes???
90.2%
Heh???
90.2%
Rhydon???
90%
Nun???
89.8%
Onix???
89.1%
Ammit???
89.1%
Nidoran???
89%
Zubat???
88.5%
Pokémon or Egyptian God (P) or (E) % Correct
Lapras???
88.3%
Venonat???
88.2%
Seshat???
88.1%
Abra???
87.1%
Arbok???
86.9%
Kakuna???
86.8%
Ekans???
86.7%
Bastet???
86.6%
Hapi???
86%
Aker???
84.4%
Anti???
81.9%
Paras???
81.6%
Renpet???
79.3%
Muk???
78%
Wadjet???
74.6%

You're not logged in!

Compare scores with friends on all Sporcle quizzes.
Join for Free
OR
Log In

You Might Also Like...

Show Comments

Extras

Top Quizzes Today


Score Distribution

Your Account Isn't Verified!

In order to create a playlist on Sporcle, you need to verify the email address you used during registration. Go to your Sporcle Settings to finish the process.

Report this User

Report this user for behavior that violates our Community Guidelines.

Details: